Computer science an overview

Guardat en:
Dades bibliogràfiques
Autor principal: BROOKSHEAR, J. Glenn
Format: Llibre
Idioma:anglès
Publicat: Pearson Addison-Wesley 2013.
Etiquetes: Afegir etiqueta
Sense etiquetes, Sigues el primer a etiquetar aquest registre!

MARC

LEADER 00000nam a22000007a 4500
008 210419b ||||| |||| 00| 0 eng d
020 |a 978-0-273-77989-6 
100 |a BROOKSHEAR, J. Glenn 
245 |a Computer science  |b an overview  |c J. Glenn Brookshear with contributions from David T. Smith, Dennis Brylow 
250 |b 11th ed 
260 |b Pearson Addison-Wesley  |c 2013.  |h  Boston  |i 689816   |i 689817   |i 691065  |i  691066  |l QA76 .B79  |m Computer science  |m Electronic digital computer.  |m Electronic data processing 
942 |a lcc  |c BK  |e ADEKANYE, I. H.  |f 19/04/2021 
952 |0 0  |1 0  |2 lcc  |4 0  |6 QA0076 B79  |7 0  |9 2217  |a HOL  |b SL  |c QZ  |d 2021-04-19  |l 0  |o QA76 .B79  |p 2021-6071  |r 2021-04-19 00:00:00  |w 2021-04-19  |y BK 
952 |0 0  |1 0  |2 lcc  |4 0  |6 QA0076 B79  |7 0  |9 2218  |a HOL  |b SL  |c QZ  |d 2021-04-19  |l 0  |o QA76 .B79  |p 2021-6072  |r 2021-04-19 00:00:00  |w 2021-04-19  |y BK 
952 |0 0  |1 0  |2 lcc  |4 0  |6 QA0076 B79  |7 0  |9 2219  |a HOL  |b HOL  |c QZ  |d 2021-04-19  |l 0  |o QA76 .B79  |p 2021-6073  |r 2021-04-19 00:00:00  |w 2021-04-19  |y BK 
952 |0 0  |1 0  |2 lcc  |4 0  |6 QA0076 B79  |7 0  |9 2220  |a HOL  |b HOL  |c QZ  |d 2021-04-19  |l 0  |o QA76 .B79  |p 2021-6074  |r 2021-04-19 00:00:00  |w 2021-04-19  |y BK 
999 |c 1155  |d 1155